Thương hiệu kết nối khách hàng

Quyển sách "Thương hiệu kết nối khách hàng" cho thấy cho thấy được thực tiễn của việc tiếp thị chuyển biến đa dạng mạnh mẽ trong bối cảnh kinh doanh hiện đại. Quyển sách kỳ vọng cung cấp cho độc giả quan tâm những kiến thức thông...

全面介紹

Đã lưu trong:
書目詳細資料
主要作者: Nguyễn, Văn Dung
格式: 圖書
語言:Undetermined
出版: Hà Nội Lao động 2010
主題:
標簽: 添加標簽
沒有標簽, 成為第一個標記此記錄!
Thư viện lưu trữ: Trung tâm Học liệu Trường Đại học Cần Thơ
LEADER 01150nam a2200205Ia 4500
001 CTU_160403
008 210402s9999 xx 000 0 und d
020 |c 56000 
082 |a 658.812 
082 |b D513 
100 |a Nguyễn, Văn Dung 
245 0 |a Thương hiệu kết nối khách hàng 
245 0 |c Nguyễn Văn Dung 
260 |a Hà Nội 
260 |b Lao động 
260 |c 2010 
520 |a Quyển sách "Thương hiệu kết nối khách hàng" cho thấy cho thấy được thực tiễn của việc tiếp thị chuyển biến đa dạng mạnh mẽ trong bối cảnh kinh doanh hiện đại. Quyển sách kỳ vọng cung cấp cho độc giả quan tâm những kiến thức thông qua các phân tích độc đáo và sinh động các thực tiễn tiếp thị và kinh doanh hiện đại ở các nền kinh tế đang phát triển Châu Á. 
650 |a Customer relations,Quan hệ khách hàng 
904 |i Thạch, Trọng Hiếu 
980 |a Trung tâm Học liệu Trường Đại học Cần Thơ